MARC details
| 000 -LEADER |
| fixed length control field |
02578cam a2200481 a 4500 |
| 001 - CONTROL NUMBER |
| control field |
9997 |
| 003 - CONTROL NUMBER IDENTIFIER |
| control field |
FISKH |
| 005 - DATE AND TIME OF LATEST TRANSACTION |
| control field |
20260325084530.0 |
| 008 - FIXED-LENGTH DATA ELEMENTS--GENERAL INFORMATION |
| fixed length control field |
091214s2010 nyuab j b 001 0deng |
| 010 ## - LIBRARY OF CONGRESS CONTROL NUMBER |
| LC control number |
2009052205 |
| 015 ## - NATIONAL BIBLIOGRAPHY NUMBER |
| National bibliography number |
GBB065335 |
| Source |
bnb |
| 016 7# - NATIONAL BIBLIOGRAPHIC AGENCY CONTROL NUMBER |
| Record control number |
015562556 |
| Source |
Uk |
| 020 ## - INTERNATIONAL STANDARD BOOK NUMBER |
| International Standard Book Number |
9780810940567 |
| 020 ## - INTERNATIONAL STANDARD BOOK NUMBER |
| International Standard Book Number |
0810940566 |
| 020 ## - INTERNATIONAL STANDARD BOOK NUMBER |
| International Standard Book Number |
9780545496667 |
| 040 ## - CATALOGING SOURCE |
| Original cataloging agency |
DLC |
| Transcribing agency |
DLC |
| Language of cataloging |
eng |
| 043 ## - GEOGRAPHIC AREA CODE |
| Geographic area code |
n-us-fl |
| 050 00 - LIBRARY OF CONGRESS CALL NUMBER |
| Classification number |
F319.F734 |
| Item number |
T87 2010 |
| 082 00 - DEWEY DECIMAL CLASSIFICATION NUMBER |
| Classification number |
975.9/18 |
| Edition number |
22 |
| 100 1# - MAIN ENTRY--PERSONAL NAME |
| Personal name |
Turner, Glennette Tilley. |
| 245 10 - TITLE STATEMENT |
| Title |
Fort Mose : |
| Remainder of title |
and the story of the man who built the first free black settlement in colonial America / |
| Statement of responsibility, etc. |
Glennette Tilley Turner. |
| 260 ## - PUBLICATION, DISTRIBUTION, ETC. |
| Place of publication, distribution, etc. |
New York : |
| Name of publisher, distributor, etc. |
Abrams Books for Young Readers, |
| Date of publication, distribution, etc. |
2010. |
| 300 ## - PHYSICAL DESCRIPTION |
| Extent |
42 pages : |
| Other physical details |
color illustrations and maps ; |
| Dimensions |
23 cm. |
| 504 ## - BIBLIOGRAPHY, ETC. NOTE |
| Bibliography, etc. note |
Includes bibliographical references (p. 38-40) and index. |
| 505 0# - FORMATTED CONTENTS NOTE |
| Formatted contents note |
The story of Francisco Menendez -- His early life in Africa -- Life in England's America -- Life in Spain's America -- The building of Fort Mose -- Slave revolts and their effect -- Petitions to the King -- Rebuilding Fort Mose -- The demise of Fort Mose -- Afterword: Fort Mose today. |
| 520 ## - SUMMARY, ETC. |
| Summary, etc. |
Follows the history of slavery from West Africa to America, recounts what daily life was like, and describes the founding of the Spanish colonys. |
| 586 ## - AWARDS NOTE |
| Awards note |
Booklist Editors' Choice Books for Youth, 2010. |
| 600 10 - SUBJECT ADDED ENTRY--PERSONAL NAME |
| Personal name |
Menendez, Francisco, |
| Dates associated with a name |
approximately 1700- |
| Form subdivision |
Juvenile literature. |
| 650 #0 - SUBJECT ADDED ENTRY--TOPICAL TERM |
| Topical term or geographic name entry element |
African Americans |
| Geographic subdivision |
Florida |
| -- |
Saint Augustine |
| Form subdivision |
Biography |
| -- |
Juvenile literature. |
| 650 #0 - SUBJECT ADDED ENTRY--TOPICAL TERM |
| Topical term or geographic name entry element |
African Americans |
| Geographic subdivision |
Florida |
| -- |
Saint Augustine |
| General subdivision |
History |
| Chronological subdivision |
18th century |
| Form subdivision |
Juvenile literature. |
| 650 #0 - SUBJECT ADDED ENTRY--TOPICAL TERM |
| Topical term or geographic name entry element |
Free African Americans |
| Geographic subdivision |
Florida |
| -- |
Saint Augustine |
| General subdivision |
History |
| Chronological subdivision |
18th century |
| Form subdivision |
Juvenile literature. |
| 650 #0 - SUBJECT ADDED ENTRY--TOPICAL TERM |
| Topical term or geographic name entry element |
Fugitive slaves |
| Geographic subdivision |
Florida |
| -- |
Saint Augustine |
| General subdivision |
History |
| Chronological subdivision |
18th century |
| Form subdivision |
Juvenile literature. |
| 650 #0 - SUBJECT ADDED ENTRY--TOPICAL TERM |
| Topical term or geographic name entry element |
Frontier and pioneer life |
| Geographic subdivision |
Florida |
| -- |
Saint Augustine |
| Form subdivision |
Juvenile literature. |
| 651 #0 - SUBJECT ADDED ENTRY--GEOGRAPHIC NAME |
| Geographic name |
Fort Mose Site (Fla.) |
| Form subdivision |
Juvenile literature. |
| 651 #0 - SUBJECT ADDED ENTRY--GEOGRAPHIC NAME |
| Geographic name |
Saint Augustine (Fla.) |
| General subdivision |
Militia |
| -- |
History |
| Chronological subdivision |
18th century |
| Form subdivision |
Juvenile literature. |
| 651 #0 - SUBJECT ADDED ENTRY--GEOGRAPHIC NAME |
| Geographic name |
Saint Augustine (Fla.) |
| General subdivision |
History |
| Chronological subdivision |
18th century |
| Form subdivision |
Juvenile literature. |
| 651 #0 - SUBJECT ADDED ENTRY--GEOGRAPHIC NAME |
| Geographic name |
Florida |
| General subdivision |
History |
| Chronological subdivision |
Spanish colony, 1565-1763 |
| Form subdivision |
Juvenile literature. |
| 655 #7 - INDEX TERM--GENRE/FORM |
| Genre/form data or focus term |
Literature. |
| Source of term |
lcgft |
| Authority record control number or standard number |
https://id.loc.gov/authorities/genreForms/gf2014026415 |
| 655 #7 - INDEX TERM--GENRE/FORM |
| Genre/form data or focus term |
Biographies. |
| Source of term |
lcgft |
| Authority record control number or standard number |
https://id.loc.gov/authorities/genreForms/gf2014026049 |
| 906 ## - LOCAL DATA ELEMENT F, LDF (RLIN) |
| a |
7 |
| b |
cbc |
| c |
orignew |
| d |
1 |
| e |
ecip |
| f |
20 |
| g |
y-gencatlg |
| 942 ## - ADDED ENTRY ELEMENTS (KOHA) |
| Source of classification or shelving scheme |
Dewey Decimal Classification |
| Koha item type |
Books |
| Suppress in OPAC |
No |